000 00329nam a22001457a 4500
008 221104b ||||| |||| 00| 0 eng d
020 _a0470266988
041 _aeng
080 _a159.9
082 _a159.9 KIH
100 _a25
101 _aPSI
245 _aTHE EXPERIMENTAL PSYCHOLOGY SERIES
_cKIHLSTROM
942 _2udc
_cBK
999 _c58741
_d58741